The Seven wonders of the natural world. (Record no. 9794)
[ view plain ]
| 000 -LEADER | |
|---|---|
| fixed length control field | 00446nam a22001697a 4500 |
| 003 - CONTROL NUMBER IDENTIFIER | |
| control field | OSt |
| 005 - DATE AND TIME OF LATEST TRANSACTION | |
| control field | 20140310182137.0 |
| 008 - FIXED-LENGTH DATA ELEMENTS--GENERAL INFORMATION | |
| fixed length control field | 130829t xxu||||| |||| 00| 0 eng d |
| 020 ## - INTERNATIONAL STANDARD BOOK NUMBER | |
| International Standard Book Number | 8124304300 |
| 050 ## - LIBRARY OF CONGRESS CALL NUMBER | |
| Classification number | GB 406 |
| Item number | .Se497 [ca.1990] |
| 082 ## - DEWEY DECIMAL CLASSIFICATION NUMBER | |
| Classification number | HS 910.02 |
| Item number | Se7 c.1 |
| 245 ## - TITLE STATEMENT | |
| Title | The Seven wonders of the natural world. |
| 260 ## - PUBLICATION, DISTRIBUTION, ETC. (IMPRINT) | |
| Place of publication, distribution, etc | India : |
| Name of publisher, distributor, etc | Navneet Publication Ltd, |
| 300 ## - PHYSICAL DESCRIPTION | |
| Extent | 32 p. |
| Dimensions | 28 cm. |
| 942 ## - ADDED ENTRY ELEMENTS (KOHA) | |
| Source of classification or shelving scheme | Library of Congress Classification |
| Koha item type | |
| Withdrawn status | Lost status | Source of classification or shelving scheme | Damaged status | Home library | Current library | Shelving location | Date acquired | Total Checkouts | Full call number | Barcode | Date last seen | Copy number | Price effective from | Koha item type |
|---|---|---|---|---|---|---|---|---|---|---|---|---|---|---|
| Library of Congress Classification | Luxembourg Library | Luxembourg Library | High School Section | 08/29/2013 | GB 406 .Se497 [ca.1990] | 15609 | 08/29/2013 | 1 | 08/29/2013 | Books | ||||
| Library of Congress Classification | Luxembourg Library | Luxembourg Library | High School Section | 08/29/2013 | GB 406 .Se497 [ca.1990] | 15610 | 09/30/2015 | 2 | 08/29/2013 | Books |